000 00624nam a2200241Ia 4500
003 OSt
005 20220925212649.0
006 a|||||r|||| 00| 0
007 ta
008 220923b |||||||| |||| 00| 0 eng d
020 _a004332045 7
037 _cGeneral Book
040 _aRTL
_cRTL
_beng
041 _2eng
_aeng
082 _aX:57, L2
100 _aWeisweller Rudi
_9277135
245 0 _aForeign exchange
260 _aLondon
_bAllen and Unwin UK
_c1972
300 _a132p.
_ccm.
650 _aForeign Exchange
942 _hX:57, L2
_cGB
_2CC
999 _c560889
_d560889